USA Airports Quiz Stats

 Plays Quiz not verified by Sporcle

Challenge
Share
Tweet
Embed
Score 0/62 Timer 07:00
0 Plays Today
Hint Answer % Correct
BostonBOS
96.9%
AtlantaATL
95.3%
AustinAUS
93.8%
New York (Kennedy)JFK
93%
Los AngelesLAX
93%
San DiegoSAN
92.2%
MiamiMIA
91.4%
New York (LaGuardia)LGA
90.6%
SeattleSEA
90.6%
DenverDEN
89.8%
AnchorageANC
89.1%
PhoenixPHX
88.3%
Las VegasLAS
87.5%
PittsburghPIT
87.5%
Dallas/Fort WorthDFW
86.7%
San FranciscoSFO
86.7%
BuffaloBUF
86.7%
IndianapolisIND
86.7%
Chicago (O'Hare)ORD
85.9%
MemphisMEM
85.9%
Salt Lake CitySLC
85.9%
ClevelandCLE
85.2%
Dallas (Love)DAL
84.4%
Houston (Hobby)HOU
84.4%
OaklandOAK
84.4%
BurbankBUR
83.6%
Minneapolis/St. PaulMSP
82.8%
PhiladelphiaPHL
82%
OntarioONT
82%
OmahaOMA
82%
AlbuquerqueABQ
80.5%
Hint Answer % Correct
NewarkEWR
79.7%
St. LouisSTL
79.7%
CharlotteCLT
78.1%
Washington (Dulles)IAD
78.1%
TampaTPA
78.1%
Fort LauderdaleFLL
77.3%
Houston (Intercontinental)IAH
77.3%
OrlandoMCO
77.3%
HonoluluHNL
76.6%
Chicago (Midway)MDW
75%
DetroitDTW
72.7%
Raleigh/DurhamRDU
71.1%
BaltimoreBWI
70.3%
Washington (Reagan)DCA
70.3%
JacksonvilleJAX
69.5%
Portland, OregonPDX
68.8%
San AntonioSAT
68.8%
MilwaukeeMKE
65.6%
CincinnatiCVG
64.1%
New OrleansMSY
63.3%
San Juan, PRSJU
62.5%
NashvilleBNA
61.7%
San Jose, CASJC
60.9%
Kansas CityMCI
60.2%
Charleston, SCCHS
59.4%
HartfordBDL
54.7%
Columbus, OHCMH
53.1%
Santa Ana, CASNA
52.3%
Fort MyersRSW
48.4%
West Palm Beach, FLPBI
47.7%
SacramentoSMF
43.8%

You're not logged in!

Compare scores with friends on all Sporcle quizzes.
Join for Free
OR
Log In

You Might Also Like...

Show Comments

Extras

Created Jan 13, 2017ReportFavoriteNominate
Tags:3-letter, airport, code, USA

Top Quizzes Today


Score Distribution

Your Account Isn't Verified!

In order to create a playlist on Sporcle, you need to verify the email address you used during registration. Go to your Sporcle Settings to finish the process.

Report this User

Report this user for behavior that violates our Community Guidelines.

Details: